00585nam a2200169Ia 4500008004100000041000800041082001600049100002700065245003400092260002500126300000800151365001600159700002700175906002300202999001900225952017100244230718s9999 xx 000 0 und d aeng a813.54bALE aAlexander P.C.9164665 aThrough The Corridor Of Power c2004bHarper And Rao a480 cRs.b500.00 aAlexander P.C.9164665 d68/6.4.06cITb100 c313631d313631 00104070aCCEPbCCEPd2006-05-11eTechnical Book ServicesfITg400.00i68/6.4.06l0o813.54pCCEP-BK-24838r2023-07-18 00:00:00t100v500.00w2006-04-06yBKz024838